| 000 | 00816cab a2200253 4500 | ||
|---|---|---|---|
| 001 | WB3106-40 | ||
| 008 | 090401t1995 xxu||||| |||| 00| 0 eng d | ||
| 035 | _a(Sirsi) u72320 | ||
| 041 | _aeng | ||
| 245 | _aTaxation of income from property | ||
| 260 | _c1995 | ||
| 350 | _a0 | ||
| 490 |
_aInland Revenue Press Release _v1 February 1995, (2) |
||
| 520 | _aFinance Bill Cl 33 and Sch 6 will ensure interest paid by landlords to non-residents can qualify for a deduction against income tax under new taxation rules dealing with income from property. | ||
| 650 | _aFINANCE BILL 1995 CLAUSE 33 | ||
| 650 | _aFINANCE BILL 1995 SCHEDULE 6 | ||
| 650 | _aINCOME TAX | ||
| 650 | _aLANDLORDS | ||
| 650 | _aNON-RESIDENTS | ||
| 650 | _aRENTAL INCOME | ||
| 690 | _aTAXATION | ||
| 942 | _n0 | ||
| 948 | _c04/03/1997 | ||
| 999 |
_c45680 _d45680 |
||